| 000 | 00520nam a22001937a 4500 | ||
|---|---|---|---|
| 942 | _cBK | ||
| 999 |
_c594 _d594 |
||
| 005 | 20250420134817.0 | ||
| 008 | 200811b ||||| |||| 00| 0 eng d | ||
| 020 | _a9781259253430 | ||
| 040 | _cKCST | ||
| 082 |
_a150 _bFe Un |
||
| 100 |
_aFeldman, Robert S. (Robert Stephen), _d1947- _95032 |
||
| 245 | _aUnderstanding psychology | ||
| 250 |
_a13th edition _bInt student edition |
||
| 260 |
_aNew York: _bMcGraw-Hill, _c2017. |
||
| 300 | _ap. | ||
| 650 |
_aPsychology _vTextbooks. _95033 |
||
| 942 | _2ddc | ||